| 000 | 00763nam a2200265 a 4500 | ||
|---|---|---|---|
| 008 | |||
| 020 | _a0003275078 (pbk.) | ||
| 049 | _aMAIN | ||
| 090 |
_aHM51 _bHAR |
||
| 100 | 1 | _aHaralambos, Michael. | |
| 245 | 1 | 0 |
_aSociology : _bthemes and perspectives / _cMichael Haralambos, Martin Holborn and Robin Heald. |
| 250 | _a5th ed. | ||
| 260 |
_aLondon : _bHarperCollins, _c2000. |
||
| 300 |
_a1116 p. ; _c27 cm. |
||
| 504 | _aIncludes bibliographical references. | ||
| 500 | _aIncludes index. | ||
| 650 | 0 | _aSociology. | |
| 700 | _aHolborn, Martin. | ||
| 700 | 1 | _aHeald, Robin. | |
| 907 |
_a.b10125723 _b19-02-15 _c10-06-04 |
||
| 003 | |||
| 005 | 20230123133735.0 | ||
| 040 | _cNUST | ||
| 942 |
_cBOOKS _kHM51 _mHAR |
||
| 999 |
_c153814 _d153814 |
||